Χωρογραφίες : ο αρχιτεκτονικός σχηματισμός του νοήματος

Αποθηκεύτηκε σε:
Λεπτομέρειες βιβλιογραφικής εγγραφής
Κύριος συγγραφέας: Πεπονής, Γιάννης
Μορφή: Βιβλίο
Γλώσσα:Greek
Δημοσίευση: Αθήνα : Αλεξάνδρεια, 2003
Θέματα:
Ετικέτες: Προσθήκη ετικέτας
Δεν υπάρχουν, Καταχωρήστε ετικέτα πρώτοι!

MARC

LEADER 00000nam a2200000 i 4500
001 1/58171
008 071011s2003 gre d
020 |a 960-221-118-0 
035 |l 10091442 
040 |a GR-MY-UA  |b gre  |e aacr 
041 0 |a gre 
082 0 |a 724.6  |2 (22) 
100 1 |a Πεπονής, Γιάννης. 
245 1 0 |a Χωρογραφίες :  |b ο αρχιτεκτονικός σχηματισμός του νοήματος /  |c Γιάννης Πεπονής 
260 |a Αθήνα :   |b Αλεξάνδρεια,   |c 2003 
300 |a 222 σ.;  |c 24 εκ. 
504 |a Περιλαμβάνει βιβλιογραφίες και ευρετήριο 
650 0 0 |a Architecture, Modern  |y 20th century. 
852 |a INST  |b RHODES  |e 20071011  |h 724.6 ΠΕΠ  |p 005400025435  |q 005400025435  |t BK  |y 0 
901 |a BIBL4-2007-3 
909 |a Ρ  |b 136648 
922 |a 4ΕΛΗ  |b 200707  |c ΕΠΕΑΕΚ2/ΠΤΔΕ  |d Σ. ΠΑΤΑΚΗΣ 
970 |a ΜΙΣΣΟΣ  |b ΣΤΑΥΡΟΣ  |z 2007/10/11